A bizonytalanság körülményei között hozott üzleti döntések, különös tekintettel a turisztikai vállalkozások döntéseire

Bibliographic Details
Main Author: Balogh Benjámin Attila
Other Authors: Bártfai Endre
Format: Thesis
Kulcsszavak:Turisztikai menedzsment
Munkaerőhiány
Vezetői döntéshozatal
Online Access:http://dolgozattar.uni-bge.hu/20141

MARC

LEADER 00000nta a2200000 i 4500
001 dolg20141
005 20190830105448.0
008 190430suuuu hu om 000 hun d
040 |a BGE Dolgozattár Repozitórium  |b hun 
041 |a hu 
100 1 |a Balogh Benjámin Attila 
245 1 2 |a A bizonytalanság körülményei között hozott üzleti döntések, különös tekintettel a turisztikai vállalkozások döntéseire  |c Balogh Benjámin Attila  |h [elektronikus dokumentum] 
695 |a Turisztikai menedzsment 
695 |a Munkaerőhiány 
695 |a Vezetői döntéshozatal 
700 1 |a Bártfai Endre  |e ths 
856 4 0 |u http://dolgozattar.uni-bge.hu/20141/1/BaloghBenjaminAttila_IN2CNE_TVtur.pdf  |z Dokumentum-elérés